El Feminismo como un movimiento social alternativo en América Latina: entrevista realizada a Grace Prada Ortiz /
Guardat en:
| Autor principal: | |
|---|---|
| Format: | Text |
| Matèries: | |
| Etiquetes: |
Afegir etiqueta
Sense etiquetes, Sigues el primer a etiquetar aquest registre!
|
MARC
| LEADER | 00000 a a2200000 04500 | ||
|---|---|---|---|
| 001 | 18533 | ||
| 003 | |||
| 040 | |||
| 100 | |a Víquez Vargas, Mario | ||
| 245 | |a El Feminismo como un movimiento social alternativo en América Latina: |b entrevista realizada a Grace Prada Ortiz / |c Mario Víquez Vargas | ||
| 500 | |a Programa radial Mundo Latinoamericano, transmitido por Radio Victoria, Heredia, C.R., 24 abril 1998 | ||
| 650 | |a FEMENISMO | ||
| 650 | |a MOVIMIENTOS SOCIALES | ||
| 650 | |a DERECHOS DE LA MUJER | ||
| 650 | |a GENERO | ||
| 650 | |a HISTORIA SOCIAL | ||
| 650 | |a PARTICIPACION POLITICA | ||
| 650 | |a RADIO EDUCATIVA | ||
| 773 | |g número 30; páginas 127-143 | ||
| 999 | |c 31041 |d 31041 | ||
